| 000 | 00538nam a22001817a 4500 | ||
|---|---|---|---|
| 999 |
_c5770 _d5770 |
||
| 003 | AR-CdUCM | ||
| 008 | 190313b ||||| |||| 00| 0 spa d | ||
| 040 |
_aMUNICIPALIDAD PROVINCIAL DEL CUSCO _cBIBLIOTECA MUNICIPAL DEL CUSCO |
||
| 082 |
_a865.56 / _bAY93 |
||
| 100 |
_aAyala, José Luis _95471 |
||
| 245 | _aCarta de residencia / | ||
| 260 |
_aLima : _bGraphos 100 Editores, _c1987. |
||
| 300 |
_a63 páginas ; _bretratos ; _c20 cm. |
||
| 650 |
_aPoesías peruanas _91481 |
||
| 650 |
_aSiglo XX _98 |
||
| 942 |
_2ddc _cLIBROS |
||
| 945 | _azta | ||